Ricostruisci la Carriera del Calciatore - Alessandro Buongiorno - Statistics

Statistiche generali
  • Questo quiz è stato fatto 31 volte
  • Il punteggio medio è 3 su 5
Statistiche sulle risposte
Hint Risposta % Corretto
2020- Torino
83%
2020 Trapani
79%
2018-2019 Carpi
63%
2017-2018 Torino
63%
2019-2020 Torino
58%
Nessun quiz corrispondente trovato
Distribuzione punteggi
Percentuale di utenti per punteggio
Percentile per numero di risposta
I tuoi punteggi nel tempo
Non hai fatto questo quiz